Statistics for Athletes by Letter - A

Click here to take the quiz!

General Stats

  • This quiz has been taken 44 times
  • The average score is 11 of 20

Answer Stats

SportYears ActiveCountryHintAthlete% Correct
Bodybuilding1968-19802000s Californian governorArnold
Schwarzenegger
83%
Wrestling1966-1992"Giant" who starred in "The Princess Bride"Andre the Giant
81%
Auto Racing1984-1994They had one of the fiercest rivalriesAyrton Senna
74%
Tennis1986-2006Married Steffi GrafAndre Agassi
71%
Tennis2005-Only male British Wimbledon championAndy Murray
69%
Football2005-Green Bay Packers quarterbackAaron Rodgers
60%
Soccer1993-2012Greatest Ukrainian footballer?Andriy Shevchenko
57%
Soccer1988-2006Has the most goals in Premier LeagueAlan Shearer
55%
Soccer2001-Scored the 2010 World Cup finals goalAndrés Iniesta
55%
Soccer2009-Wears No. 7 in Atlético MadridAntoine Griezmann
52%
Tennis1969-1980Only 3x black male tennis championArthur Ashe
52%
Auto Racing1980-1991They had one of the fiercest rivalriesAlain Prost
50%
Ice Hockey2001-Washington Capitals' "Ovi"Alex Ovechkin
50%
Soccer2005-Top goalscorer of the Chile national teamAlexis Sánchez
45%
Basketball1996-2011Known as "The Answer"Allen Iverson
45%
Golf1954-2006Namesake of a drinkArnold Palmer
43%
Golf1992-2008Won the most pro female tournamentsAnnika Sörenstam
38%
Boxing2013-He defeated Wladimir Klitschko in 2017Anthony Joshua
36%
Basketball1997-2015Has an assault rifle as his nicknameAndrei Kirilenko
33%
Short-track
speed skating
2001-2010Most decorated American Winter OlympianApolo Ohno
21%

Score Distribution

Percentile by Number Answered

Percent of People with Each Score

Your Score History

You have not taken this quiz